Poland bordering countries — sudden death - Statistics

General Stats
  • This quiz has been taken 104 times
  • The average score is 5 of 7
Answers on the Grid
Answers color-coded by a green-red scale on the quiz's grid according to % correct below.
Germany
Czech Republic
Slovenia
Ukraine
Romania
Austria
Serbia
Slovakia
Moldova
Netherlands
Switzerland
Hungary
Belarus
Latvia
Lithuania
Estonia
Russia
 
Answer Stats
Answer % Correct
Germany
88%
Russia
85%
Ukraine
76%
Belarus
72%
Czech Republic
69%
Lithuania
69%
Slovakia
69%
No matching quizzes found
Score Distribution
Percent of People with Each Score
Percentile by Number Answered
Your Score History
You have not taken this quiz